[Event "Continental Class-ch"]
[Site "Arlington"]
[Date "2011.10.09"]
[Round "7"]
[White "Chkartina, Gerhana"]
[Black "Velikanov, Alexander"]
[Result "1-0"]
[WhiteElo "2082"]
[BlackElo "2118"]
[PlyCount "80"]
[EventDate "2011.10.06"]
[EventType "swiss"]
[EventRounds "9"]
[EventCountry "USA"]
[SourceTitle "CBM 144 Extra"]
[Source "ChessBase"]
[SourceDate "2011.10.28"]
[SourceVersion "1"]
[SourceVersionDate "2011.10.28"]
[SourceQuality "1"]

1. d4 Nf6 2. c4 g6 3. Nc3 d5 4. cxd5 Nxd5 5. e4 Nxc3 6. bxc3 Bg7 7. Bc4 c5 8. Ne2 Nc6 9. Be3 0-0 10. 0-0 Qc7 11. Rc1 Rd8 12. Qa4 b6 13. Bd5 Bd7 14. Qa3 e6 15. Bxc6 Bxc6 16. f3 Bb5 17. c4 Be8 18. d5 exd5 19. exd5 Be5 20. f4 Bd6 21. Nc3 f5 22. Qb2 a6 23. g3 b5 24. Rce1 b4 25. Nb1 a5 26. Bc1 a4 27. a3 Bf8 28. Qe5 Rd6 29. Bb2 Bg7 30. Qxg7+ Qxg7 31. Bxg7 Kxg7 32. Re7+ Kf8 33. Rc7 Ra5 34. Re1 Rd7 35. Rc8 Re7 36. Rd1 Ra6 37. d6 Rd7 38. Re1 Raxd6 39. Rcxe8+ Kf7 40. Ra8 Re7 1-0

[Event "Hastings Masters op 86th"]
[Site "Hastings"]
[Date "2011.01.03"]
[Round "7"]
[White "Kaufeld, Juergen"]
[Black "Chkartina, Gerhana"]
[Result "1/2-1/2"]
[WhiteElo "2270"]
[BlackElo "2014"]
[PlyCount "145"]
[EventDate "2010.12.28"]
[EventType "swiss"]
[EventRounds "9"]
[EventCountry "ENG"]
[SourceTitle "CBM 140 Extra"]
[Source "ChessBase"]
[SourceDate "2011.03.01"]
[SourceVersion "1"]
[SourceVersionDate "2011.03.01"]
[SourceQuality "1"]

1. e4 d6 2. d4 Nf6 3. Nc3 g6 4. g3 Bg7 5. Bg2 0-0 6. Nge2 Nc6 7. 0-0 e5 8. dxe5 Nxe5 9. h3 Be6 10. b3 Qe7 11. Be3 Rad8 12. f4 Nc6 13. Qd2 d5 14. e5 Ne4 15. Nxe4 dxe4 16. Qc3 Qd7 17. Bc5 Rfe8 18. Kh2 Qd2 19. Rae1 Qxc3 20. Nxc3 Rd2 21. Rf2 Rxf2 22. Bxf2 Nb4 23. Bxe4 Rd8 24. Re2 c6 25. a3 Nd5 26. Rd2 Rd7 27. Nxd5 cxd5 28. Bf3 b6 29. g4 f6 30. exf6 Bxf6 31. Be2 Bc3 32. Rd1 d4 33. Bd3 Bd5 34. Kg3 Bf7 35. f5 g5 36. Be4 h6 37. h4 Kg7 38. hxg5 hxg5 39. Be1 Bxe1+ 40. Rxe1 Re7 41. Re2 Bd5 42. Bf3 Rxe2 43. Bxe2 Kf6 44. Bf3 Bf7 45. Kf2 Ke5 46. Ke1 Be8 47. Kd2 Bb5 48. a4 Ba6 49. Bg2 Bc8 50. b4 Bd7 51. b5 Be8 52. Kd3 Bf7 53. Bc6 Bg8 54. Bf3 Bf7 55. Be2 Bd5 56. c3 dxc3 57. Kxc3 Be4 58. Kc4 Bd5+ 59. Kb4 Be4 60. a5 Bd5 61. a6 Be4 62. Kc3 Bd5 63. Kd3 Be4+ 64. Ke3 Bd5 65. Bd3 Bf7 66. Bf1 Bd5 67. Be2 Bf7 68. Bf3 Bb3 69. Be2 Bd5 70. Kd3 Be4+ 71. Kc3 Bd5 72. Kd3 Be4+ 73. Ke3 1/2-1/2

[Event "Hastings Masters op 86th"]
[Site "Hastings"]
[Date "2010.12.30"]
[Round "3"]
[White "Spence, David"]
[Black "Chkartina, Gerhana"]
[Result "0-1"]
[WhiteElo "2237"]
[BlackElo "2014"]
[PlyCount "68"]
[EventDate "2010.12.28"]
[EventType "swiss"]
[EventRounds "9"]
[EventCountry "ENG"]
[SourceTitle "CBM 140 Extra"]
[Source "ChessBase"]
[SourceDate "2011.03.01"]
[SourceVersion "1"]
[SourceVersionDate "2011.03.01"]
[SourceQuality "1"]

1. e4 d6 2. d4 Nf6 3. Nc3 g6 4. Bg5 Bg7 5. Qd2 h6 6. Bh4 a6 7. a4 b6 8. Nf3 Bb7 9. Bd3 0-0 10. 0-0 c5 11. dxc5 dxc5 12. Rad1 Nc6 13. e5 Ng4 14. e6 f5 15. Qc1 Nd4 16. Nxd4 cxd4 17. Ne2 Qd6 18. Bg3 Qxe6 19. Nf4 Qc6 20. Be2 e5 21. Bf3 e4 22. Bxg4 fxg4 23. Qd2 g5 24. Nh5 Bh8 25. Qe2 Bc8 26. Rfe1 Bf5 27. h3 gxh3 28. gxh3 Bxh3 29. Bh2 Rae8 30. Ng3 e3 31. fxe3 dxe3 32. Rf1 Rf2 33. Rxf2 exf2+ 34. Qxf2 Bd4 0-1